<?xml version="1.0" encoding="UTF-8"?>
<collection xmlns="http://www.loc.gov/MARC21/slim">
 <record>
  <leader>01405nam a22003257a 4500</leader>
  <controlfield tag="001">38695</controlfield>
  <controlfield tag="003">BD-DhAAL</controlfield>
  <controlfield tag="008">220526t2010    maua     b    001 0 eng d</controlfield>
  <datafield tag="999" ind1=" " ind2=" ">
   <subfield code="c">44216</subfield>
   <subfield code="d">44216</subfield>
  </datafield>
  <datafield tag="010" ind1=" " ind2=" ">
   <subfield code="a">  2004051072</subfield>
  </datafield>
  <datafield tag="020" ind1=" " ind2=" ">
   <subfield code="a">9780137152049</subfield>
  </datafield>
  <datafield tag="020" ind1=" " ind2=" ">
   <subfield code="a">0137152043</subfield>
  </datafield>
  <datafield tag="040" ind1=" " ind2=" ">
   <subfield code="a">DLC</subfield>
   <subfield code="c">DLC</subfield>
   <subfield code="d">DLC</subfield>
   <subfield code="d">BD-DhAAL</subfield>
  </datafield>
  <datafield tag="050" ind1="0" ind2="0">
   <subfield code="a">P121</subfield>
   <subfield code="b">.P334 2005</subfield>
  </datafield>
  <datafield tag="082" ind1="0" ind2="0">
   <subfield code="a">410</subfield>
   <subfield code="2">22</subfield>
  </datafield>
  <datafield tag="100" ind1="1" ind2=" ">
   <subfield code="a">Parker, Frank,</subfield>
   <subfield code="d">1946-</subfield>
   <subfield code="9">48797</subfield>
  </datafield>
  <datafield tag="245" ind1="1" ind2="0">
   <subfield code="a">Linguistics for non-linguists :</subfield>
   <subfield code="b">a primer with exercises /</subfield>
   <subfield code="c">Frank Parker, Kathryn Riley.</subfield>
  </datafield>
  <datafield tag="250" ind1=" " ind2=" ">
   <subfield code="a">Fifth edition</subfield>
  </datafield>
  <datafield tag="260" ind1=" " ind2=" ">
   <subfield code="a">Boston, Mass. :</subfield>
   <subfield code="b">Allyn and Bacon,</subfield>
   <subfield code="c">c2010.</subfield>
  </datafield>
  <datafield tag="300" ind1=" " ind2=" ">
   <subfield code="a">x, 350 pages :</subfield>
   <subfield code="b">illustrations ;</subfield>
   <subfield code="c">24 cm.</subfield>
  </datafield>
  <datafield tag="504" ind1=" " ind2=" ">
   <subfield code="a">Includes bibliographical references (pages 305-311) and index.</subfield>
  </datafield>
  <datafield tag="526" ind1=" " ind2=" ">
   <subfield code="a">ENH</subfield>
  </datafield>
  <datafield tag="541" ind1=" " ind2=" ">
   <subfield code="a">Development Book Agency</subfield>
   <subfield code="e">38695, 38696</subfield>
  </datafield>
  <datafield tag="650" ind1=" " ind2=" ">
   <subfield code="a">Linguistics.</subfield>
   <subfield code="9">48798</subfield>
  </datafield>
  <datafield tag="650" ind1=" " ind2=" ">
   <subfield code="a">English language.</subfield>
   <subfield code="9">48799</subfield>
  </datafield>
  <datafield tag="700" ind1="1" ind2=" ">
   <subfield code="a">Riley, Kathryn Louise,</subfield>
   <subfield code="d">1951-</subfield>
   <subfield code="9">48800</subfield>
  </datafield>
  <datafield tag="852" ind1=" " ind2=" ">
   <subfield code="a">Ayesha Abed Library</subfield>
   <subfield code="c">General Stacks</subfield>
  </datafield>
  <datafield tag="942" ind1=" " ind2=" ">
   <subfield code="2">ddc</subfield>
   <subfield code="c">BK</subfield>
  </datafield>
  <datafield tag="952" ind1=" " ind2=" ">
   <subfield code="0">0</subfield>
   <subfield code="1">0</subfield>
   <subfield code="2">ddc</subfield>
   <subfield code="4">0</subfield>
   <subfield code="6">410_000000000000000_PAR</subfield>
   <subfield code="7">0</subfield>
   <subfield code="9">70673</subfield>
   <subfield code="a">BRACUL</subfield>
   <subfield code="b">BRACUL</subfield>
   <subfield code="c">GEN</subfield>
   <subfield code="d">2022-05-22</subfield>
   <subfield code="e">Development Book Agency</subfield>
   <subfield code="g">7037.00</subfield>
   <subfield code="l">2</subfield>
   <subfield code="m">10</subfield>
   <subfield code="o">410 PAR</subfield>
   <subfield code="p">3010038695</subfield>
   <subfield code="r">2024-11-25</subfield>
   <subfield code="s">2024-11-18</subfield>
   <subfield code="t">1</subfield>
   <subfield code="v">7037.00</subfield>
   <subfield code="w">2022-05-22</subfield>
   <subfield code="y">BK</subfield>
  </datafield>
  <datafield tag="952" ind1=" " ind2=" ">
   <subfield code="0">0</subfield>
   <subfield code="1">0</subfield>
   <subfield code="2">ddc</subfield>
   <subfield code="4">0</subfield>
   <subfield code="6">410_000000000000000_PAR</subfield>
   <subfield code="7">0</subfield>
   <subfield code="9">70674</subfield>
   <subfield code="a">BRACUL</subfield>
   <subfield code="b">BRACUL</subfield>
   <subfield code="c">GEN</subfield>
   <subfield code="d">2022-05-22</subfield>
   <subfield code="e">Development Book Agency</subfield>
   <subfield code="g">7037.00</subfield>
   <subfield code="l">1</subfield>
   <subfield code="m">30</subfield>
   <subfield code="o">410 PAR</subfield>
   <subfield code="p">3010038696</subfield>
   <subfield code="r">2024-12-28</subfield>
   <subfield code="s">2024-11-05</subfield>
   <subfield code="t">2</subfield>
   <subfield code="v">7037.00</subfield>
   <subfield code="w">2022-05-22</subfield>
   <subfield code="y">BK</subfield>
  </datafield>
 </record>
</collection>
